000 00473nam a2200181Ia 4500
003 GCL
008 140319s9999 xx 000 0 eng d
040 _aGCL /
_cGCL
082 0 4 _a651.3741
_bH P
100 1 _aHOLMES, BEA
245 1 0 _aThe Practical secretary at Work, Student Book /
_cHOLMES, BEA
700 1 _aWHITEHEAD, JAN
260 _a[S.N] :
_bMC GRAW - HILL ،
_c1992
300 _a74 P
650 0 4 _aSECRETARY
650 0 4 _aOFFICE PRACTICE
942 _2ddc
_cBK
999 _c16749
_d16749